| 000 | 00419nam a2200133Ia 4500 | ||
|---|---|---|---|
| 008 | 200928s9999 xx 000 0 und d | ||
| 020 | _a978-621-427-015-6 | ||
| 100 | _aAriola, Mariano M. | ||
| 245 |
_cMariano M. Ariola.-- _aEthics / |
||
| 260 |
_aManila : _bUnlimited Books Library Services & Publishing Inc. _c2018 |
||
| 300 |
_aviii , 150 pages : _billustrations ; _c23 cm. |
||
| 650 | _aEthics | ||
| 650 | _aPhilosophy | ||
| 999 |
_c364533 _d364533 |
||